000 00326nam a2200145Ia 4500
003 OSt
005 20240103154759.0
008 170524s9999 xx 000 0 und d
020 _a0761920188
040 _ciimt university meerut
100 _aLATHAM- GARY P.
245 0 _aWORK MOTIVATION
260 _bSAGE
942 _2ddc
_c02
999 _c8559
_d8559